Comunicare la sostenibilita : (Record no. 111963)

MARC details
000 -LEADER
campo de control de longitud fija 01025nam a2200337Mi 4500
001 - NÚMERO DE CONTROL
campo de control 95230
005 - FECHA Y HORA DE LA ÚLTIMA TRANSACCIÓN
campo de control 20230411090053.0
008 - DATOS DE LONGITUD FIJA--INFORMACIÓN GENERAL
campo de control de longitud fija 090622s2008 it 000 0 ita d
035 ## - NÚMERO DE CONTROL DEL SISTEMA
Número de control de sistema (OCoLC)ocn406143174
040 ## - FUENTE DE CATALOGACIÓN
Centro catalogador/agencia de origen C3L
Centro/agencia transcriptor C3L
020 ## - NÚMERO INTERNACIONAL ESTÁNDAR DEL LIBRO
Número Internacional Estándar del Libro 9788856806366
020 ## - NÚMERO INTERNACIONAL ESTÁNDAR DEL LIBRO
Número Internacional Estándar del Libro 8856806363
029 0# - OTRO NÚMERO DE CONTROL DE SISTEMA (OCLC)
Identificador de la biblioteca OCLC C3L
Número de control de sistema 09193464
035 ## - NÚMERO DE CONTROL DEL SISTEMA
Número de control de sistema (OCoLC)406143174
043 ## - CÓDIGO DE ÁREA GEOGRÁFICA
Código de área geográfica e-it---
045 ## - PERIODO DE TIEMPO DEL CONTENIDO
Código de periodo de tiempo x4x-
082 14 - NÚMERO DE LA CLASIFICACIÓN DECIMAL DEWEY
Número de clasificación 658
Número de edición 21
049 ## - FONDOS LOCALES (OCLC)
Biblioteca depositaria GRAL
100 1# - ENTRADA PRINCIPAL--NOMBRE DE PERSONA
Nombre de persona Carnevale, Concetta.
245 10 - MENCIÓN DEL TÍTULO
Título Comunicare la sostenibilita :
Resto del título strumenti informativi e di reporting nelle regioni italiane /
Mención de responsabilidad, etc. Concetta Carnevale, Vittoria Carnevale.
260 ## - PUBLICACIÓN, DISTRIBUCIÓN, ETC.
Lugar de publicación, distribución, etc. Milano :
Nombre del editor, distribuidor, etc. F. Angeli,
Fecha de publicación, distribución, etc. 2008.
300 ## - DESCRIPCIÓN FÍSICA
Extensión xi, 166 p. ;
Dimensiones 23 cm.
440 #0 - MENCIÓN DE SERIE/PUNTO DE ACCESO ADICIONAL--TÍTULO
Título Economia.
Nombre de parte o sección de la obra Sez. 5 ;
Designación de volumen o secuencia 694
500 ## - NOTA GENERAL
Nota general C. Carnevale teaches at the Universita della Calabria.
504 ## - NOTA DE BIBLIOGRAFÍA, ETC.
Nota de bibliografía, etc. Includes bibliographical references.
700 1# - ENTRADA AGREGADA--NOMBRE PERSONAL
Nombre de persona Carnevale, Vittoria.
938 ## -
-- Casalini Libri
-- CASA
-- 09193464
-- 13.00 EUR
942 ## - ELEMENTOS DE ENTRADA SECUNDARIOS (KOHA)
Fuente del sistema de clasificación o colocación Clasificación de Library of Congress
Tipo de ítem Koha
994 ## -
-- C0
-- DRFGD
946 ## - PROCESAMIENTO DE INFORMACIÓN LOCAL (OCLC)
a JP
Holdings
Estatus retirado Estado de pérdida Fuente del sistema de clasificación o colocación Estado de daño No para préstamo Colección Biblioteca de origen Biblioteca actual Ubicación en estantería Fecha de adquisición Código de barras Visto por última vez Copia número Tipo de ítem Koha
    Clasificación de Library of Congress     Automatización y Procesos Técnicos Biblioteca Juan Bosch Biblioteca Juan Bosch Automatización y Procesos Técnicos (1er. Piso) 11/04/2023 00000088656 17/02/2019 1